000 00502nam a22001217a 4500
082 _a200 THE
100 _aAamir Naveed
_970129
245 _aTH-SOF-1267-Cyclic Durability Testing and Gait Analysis of Lower Limb Prosthetic Foot developed by CEME and Redesign of Prosthetic Foot as per International Standards Organization Standard (ISO-26675)
260 _aIslamabad
_bNUST College of EME
_c2016
650 _a MS-MTS-82 MSTHESIS
_969450
700 _aSupervisor Dr. Mohsin Islam Tiwana
942 _cCF
999 _c577162
_d577162